00566nam a22001457a 4500020001800000040000900018082001800027100003300045245005900078260005100137650006700188942001200255999001900267952013400286 a9788178088853 cNust a621.4023bPUL aWillard W. Pilkrabek9124872 aEngineering fundamentals of Internal combustion Engine aNew Delhi:bPearson education services.c2003. aEngineering fundamentals of Internal combustion Engine9124873 2ddccBK c610656d610656 00102ddc4070aCEMEbCEMEcGENd2024-07-30l1m1o621.4023 PULpCEME- 39107q2026-01-21r2025-11-18s2025-11-18w2024-07-30yBK